All Planets and Moons in the Solar System - Statistics

General Stats
  • This quiz has been taken 39 times
    38 since last reset
  • The average score is 297 of 448
Answers on the Map
Answers color-coded by a green-red scale on the quiz's map according to % correct below.
 
Answer Stats
Answer % Correct
Earth
100%
Jupiter
100%
Mars
100%
Mercury
100%
Neptune
100%
Pluto
100%
S/2002 N 5
100%
S/2003 J 10
100%
S/2003 J 12
100%
S/2003 J 16
100%
S/2003 J 18
100%
S/2003 J 19
100%
S/2003 J 2
100%
S/2003 J 23
100%
S/2003 J 24
100%
S/2003 J 4
100%
S/2003 J 9
100%
S/2004 S 12
100%
S/2004 S 13
100%
S/2004 S 17
100%
S/2004 S 21
100%
S/2004 S 24
100%
S/2004 S 26
100%
S/2004 S 28
100%
S/2004 S 29
100%
S/2004 S 31
100%
S/2004 S 34
100%
S/2004 S 36
100%
S/2004 S 37
100%
S/2004 S 39
100%
S/2004 S 40
100%
S/2004 S 41
100%
S/2004 S 42
100%
S/2004 S 43
100%
S/2004 S 44
100%
S/2004 S 45
100%
S/2004 S 46
100%
S/2004 S 47
100%
S/2004 S 48
100%
S/2004 S 49
100%
S/2004 S 50
100%
S/2004 S 51
100%
S/2004 S 52
100%
S/2004 S 53
100%
S/2004 S 54
100%
S/2004 S 55
100%
S/2004 S 56
100%
S/2004 S 57
100%
S/2004 S 58
100%
S/2004 S 59
100%
S/2004 S 60
100%
S/2004 S 61
100%
S/2004 S 7
100%
S/2005 S 4
100%
S/2005 S 5
100%
S/2005 S 6
100%
S/2005 S 7
100%
S/2006 S 1
100%
S/2006 S 10
100%
S/2006 S 11
100%
S/2006 S 12
100%
S/2006 S 13
100%
S/2006 S 14
100%
S/2006 S 15
100%
S/2006 S 16
100%
S/2006 S 17
100%
S/2006 S 18
100%
S/2006 S 19
100%
S/2006 S 20
100%
S/2006 S 21
100%
S/2006 S 22
100%
S/2006 S 23
100%
S/2006 S 24
100%
S/2006 S 25
100%
S/2006 S 26
100%
S/2006 S 27
100%
S/2006 S 28
100%
S/2006 S 29
100%
S/2006 S 3
100%
S/2006 S 9
100%
S/2007 S 10
100%
S/2007 S 11
100%
S/2007 S 2
100%
S/2007 S 3
100%
S/2007 S 5
100%
S/2007 S 6
100%
S/2007 S 7
100%
S/2007 S 8
100%
S/2007 S 9
100%
S/2009 S 1
100%
S/2010 J 1
100%
S/2010 J 2
100%
S/2011 J 1
100%
S/2011 J 2
100%
S/2011 J 3
100%
S/2011 J 4
100%
S/2011 J 5
100%
S/2016 J 1
100%
S/2016 J 3
100%
S/2016 J 4
100%
S/2017 J 1
100%
S/2017 J 10
100%
S/2017 J 11
100%
S/2017 J 2
100%
S/2017 J 3
100%
S/2017 J 5
100%
S/2017 J 6
100%
S/2017 J 7
100%
S/2017 J 8
100%
S/2017 J 9
100%
S/2018 J 2
100%
S/2018 J 3
100%
S/2018 J 4
100%
S/2018 J 5
100%
S/2019 S 1
100%
S/2019 S 10
100%
S/2019 S 11
100%
S/2019 S 12
100%
S/2019 S 13
100%
S/2019 S 14
100%
S/2019 S 15
100%
S/2019 S 16
100%
S/2019 S 17
100%
S/2019 S 18
100%
S/2019 S 19
100%
S/2019 S 2
100%
S/2019 S 20
100%
S/2019 S 21
100%
S/2019 S 22
100%
S/2019 S 23
100%
S/2019 S 24
100%
S/2019 S 25
100%
S/2019 S 26
100%
S/2019 S 27
100%
S/2019 S 28
100%
S/2019 S 29
100%
S/2019 S 3
100%
S/2019 S 30
100%
S/2019 S 31
100%
S/2019 S 32
100%
S/2019 S 33
100%
S/2019 S 34
100%
S/2019 S 35
100%
S/2019 S 36
100%
S/2019 S 37
100%
S/2019 S 38
100%
S/2019 S 39
100%
S/2019 S 4
100%
S/2019 S 40
100%
S/2019 S 41
100%
S/2019 S 42
100%
S/2019 S 43
100%
S/2019 S 44
100%
S/2019 S 5
100%
S/2019 S 6
100%
S/2019 S 7
100%
S/2019 S 8
100%
S/2019 S 9
100%
S/2020 S 1
100%
S/2020 S 10
100%
S/2020 S 11
100%
S/2020 S 12
100%
S/2020 S 13
100%
S/2020 S 14
100%
S/2020 S 15
100%
S/2020 S 16
100%
S/2020 S 17
100%
S/2020 S 18
100%
S/2020 S 19
100%
S/2020 S 2
100%
S/2020 S 20
100%
S/2020 S 21
100%
S/2020 S 22
100%
S/2020 S 23
100%
S/2020 S 24
100%
S/2020 S 25
100%
S/2020 S 26
100%
S/2020 S 27
100%
S/2020 S 28
100%
S/2020 S 29
100%
S/2020 S 3
100%
S/2020 S 30
100%
S/2020 S 31
100%
S/2020 S 32
100%
S/2020 S 33
100%
S/2020 S 34
100%
S/2020 S 35
100%
S/2020 S 36
100%
S/2020 S 37
100%
S/2020 S 38
100%
S/2020 S 39
100%
S/2020 S 4
100%
S/2020 S 40
100%
S/2020 S 41
100%
S/2020 S 42
100%
S/2020 S 43
100%
S/2020 S 44
100%
S/2020 S 45
100%
S/2020 S 46
100%
S/2020 S 47
100%
S/2020 S 48
100%
S/2020 S 5
100%
S/2020 S 6
100%
S/2020 S 7
100%
S/2020 S 8
100%
S/2020 S 9
100%
S/2021 J 1
100%
S/2021 J 2
100%
S/2021 J 3
100%
S/2021 J 4
100%
S/2021 J 5
100%
S/2021 J 6
100%
S/2021 N 1
100%
S/2022 J 1
100%
S/2022 J 2
100%
S/2022 J 3
100%
S/2023 S 1
100%
S/2023 S 10
100%
S/2023 S 11
100%
S/2023 S 12
100%
S/2023 S 13
100%
S/2023 S 14
100%
S/2023 S 15
100%
S/2023 S 16
100%
S/2023 S 17
100%
S/2023 S 18
100%
S/2023 S 19
100%
S/2023 S 2
100%
S/2023 S 20
100%
S/2023 S 21
100%
S/2023 S 22
100%
S/2023 S 23
100%
S/2023 S 24
100%
S/2023 S 25
100%
S/2023 S 26
100%
S/2023 S 27
100%
S/2023 S 28
100%
S/2023 S 29
100%
S/2023 S 3
100%
S/2023 S 30
100%
S/2023 S 31
100%
S/2023 S 32
100%
S/2023 S 33
100%
S/2023 S 34
100%
S/2023 S 35
100%
S/2023 S 36
100%
S/2023 S 37
100%
S/2023 S 38
100%
S/2023 S 39
100%
S/2023 S 4
100%
S/2023 S 40
100%
S/2023 S 41
100%
S/2023 S 42
100%
S/2023 S 43
100%
S/2023 S 44
100%
S/2023 S 45
100%
S/2023 S 46
100%
S/2023 S 47
100%
S/2023 S 48
100%
S/2023 S 49
100%
S/2023 S 5
100%
S/2023 S 50
100%
S/2023 S 51
100%
S/2023 S 52
100%
S/2023 S 53
100%
S/2023 S 54
100%
S/2023 S 55
100%
S/2023 S 56
100%
S/2023 S 57
100%
S/2023 S 6
100%
S/2023 S 7
100%
S/2023 S 8
100%
S/2023 S 9
100%
S/2023 U 1
100%
S/2024 J 1
100%
S/2025 U 1
100%
Saturn
100%
Uranus
100%
Venus
100%
Moon
95%
Titan
80%
Ganymede
75%
Io
75%
Europa
70%
Deimos
60%
Phobos
60%
Callisto
55%
Triton
55%
Charon
45%
Enceladus
35%
Nix
35%
Rhea
35%
Hydra
30%
Iapetus
30%
Mimas
30%
Styx
30%
Ariel
25%
Dione
25%
Metis
25%
Pan
25%
Phoebe
25%
Titania
25%
Umbriel
25%
Amalthea
20%
Hyperion
20%
Proteus
20%
Tethys
20%
Atlas
15%
Cupid
15%
Dia
15%
Hippocamp
15%
Kerberos
15%
Miranda
15%
Nereid
15%
Neso
15%
Oberon
15%
Pandora
15%
Puck
15%
Thalassa
15%
Thebe
15%
Themisto
15%
Adrastea
10%
Albiorix
10%
Anthe
10%
Callirrhoe
10%
Calypso
10%
Elara
10%
Epimetheus
10%
Galatea
10%
Janus
10%
Juliet
10%
Kore
10%
Larissa
10%
Mab
10%
Methone
10%
Ophelia
10%
Paaliaq
10%
Pallene
10%
Prometheus
10%
Sao
10%
Skoll
10%
Sycorax
10%
Aegaeon
5%
Ananke
5%
Beli
5%
Belinda
5%
Bianca
5%
Caliban
5%
Carme
5%
Carpo
5%
Cordelia
5%
Cressida
5%
Daphnis
5%
Desdemona
5%
Despina
5%
Ersa
5%
Ferdinand
5%
Fornjot
5%
Francisco
5%
Gerd
5%
Greip
5%
Gunnlod
5%
Halimede
5%
Helene
5%
Helike
5%
Himalia
5%
Ijiraq
5%
Iocaste
5%
Kallichore
5%
Kiviuq
5%
Laomedeia
5%
Leda
5%
Lysithea
5%
Margaret
5%
Naiad
5%
Pandia
5%
Pasiphae
5%
Perdita
5%
Polydeuces
5%
Portia
5%
Prospero
5%
Psamathe
5%
Rosalind
5%
Setebos
5%
Sinope
5%
Skathi
5%
Stephano
5%
Telesto
5%
Thyone
5%
Trinculo
5%
Valetudo
5%
Aegir
0%
Aitne
0%
Alvaldi
0%
Angrboda
0%
Aoede
0%
Arche
0%
Autonoe
0%
Bebhionn
0%
Bergelmir
0%
Bestla
0%
Chaldene
0%
Cyllene
0%
Eggther
0%
Eirene
0%
Erinome
0%
Erriapus
0%
Euanthe
0%
Eukelade
0%
Eupheme
0%
Euporie
0%
Eurydome
0%
Farbauti
0%
Fenrir
0%
Geirrod
0%
Gridr
0%
Harpalyke
0%
Hati
0%
Hegemone
0%
Hermippe
0%
Herse
0%
Hyrrokkin
0%
Isonoe
0%
Jarnsaxa
0%
Kale
0%
Kalyke
0%
Kari
0%
Loge
0%
Megaclite
0%
Mneme
0%
Mundilfari
0%
Narvi
0%
Orthosie
0%
Pasithee
0%
Philophrosyne
0%
Praxidike
0%
Siarnaq
0%
Skrymir
0%
Sponde
0%
Surtur
0%
Suttungr
0%
Tarqeq
0%
Tarvos
0%
Taygete
0%
Thelxinoe
0%
Thiazzi
0%
Thrymr
0%
Ymir
0%
No matching quizzes found
Score Distribution
Percent of People with Each Score
Percentile by Number Answered
Your Score History
You have not taken this quiz since the last reset